| 000 | 00414nam a22001817a 4500 | ||
|---|---|---|---|
| 003 | 330010 | ||
| 005 | 20260420103427.0 | ||
| 008 | 260420b sa ||||| |||| 00| 0 eng d | ||
| 020 |
_a9781406213829 _qhbk |
||
| 040 | _c3228 | ||
| 041 | _2E | ||
| 082 | 0 | _aEJF STEV | |
| 100 | _aERIC STEVENS | ||
| 245 |
_aTeam Spirit _b |
||
| 260 |
_aLondon _bRaintree _c2009 |
||
| 300 |
_a72 pages _c19 cm |
||
| 942 |
_2ddc _cBOOK _w190 _xDudu Mondlane _y190 _zDudu Mondlane |
||
| 999 |
_c796812 _d796811 |
||